[Event "Let's Play Chess!"]
[Site "http://www.queenalice.com/game.php?id=1207097"]
[Date "2013.8.11"]
[Round "-"]
[White "Ysolde"]
[Black "dcelink"]
[Result "0-1"]
[WhiteElo "1669"]
[BlackElo "1721"]

1. e4 d5 2. exd5 Qxd5 3. Nc3 Qe5+ 4. Be2 Nc6 5. Nf3 Qd6 6. d4 a6 7. Bc4 Be6 8.
Bd3 Nxd4 9. Nxd4 Qxd4 10. Qf3 c6 11. O-O Qg4 12. Qxg4 Bxg4 13. Ne4 e6 14. f3 Bf5
15. Ng5 Bxd3 16. cxd3 h6 17. Ne4 O-O-O 18. a4 Rxd3 19. Bf4 f5 20. Rfd1 Rxd1+ 21.
Rxd1 fxe4 22. fxe4 Bc5+ 23. Kh1 Nf6 24. e5 Nh5 25. Bd2 Rd8 26. g3 Bd4 27. Ba5
Rd5 28. Bb4 Bxe5 29. Rf1 Bxb2 30. Rf8+ Kc7 31. Rf7+ Kb6 32. Rf3 c5 33. a5+ Kb5
34. Rb3 cxb4 35. Rxb2 Kxa5 0-1

[Event "Let's Play Chess!"]
[Site "http://www.queenalice.com/game.php?id=1207098"]
[Date "2013.8.11"]
[Round "-"]
[White "heriksoares1"]
[Black "Ysolde"]
[Result "1-0"]
[WhiteElo "1500"]
[BlackElo "1661"]

1. e4 e5 2. Nf3 Nc6 3. Bc4 Qf6 4. Nc3 Bc5 5. Nd5 Qd6 6. c3 Na5 7. Be2 c6 8. d4
cxd5 9. dxc5 Qg6 10. O-O d6 11. Qxd5 Ne7 12. Qxd6 Qxd6 13. cxd6 Nec6 14. b4 Bg4
15. bxa5 O-O 16. a6 bxa6 17. Bxa6 Rfd8 18. Bb7 Rab8 19. Bxc6 Rxd6 20. Nxe5 Rbd8
21. Bd5 Be6 22. Bxe6 Rxe6 23. Nf3 Rxe4 24. Be3 a5 25. Rad1 Rc8 26. Bd4 Rb8 27.
Rb1 Ra8 28. Rfe1 Rf4 29. Re7 h5 30. Reb7 h4 31. Rb8+ Rxb8 32. Rxb8+ Kh7 33. Rb5
a4 34. Rh5+ Kg6 35. Rxh4 Rf5 36. Rg4+ Kh7 37. Rxg7+ Kh6 38. Rg8 Rb5 39. h3 1-0

[Event "Let's Play Chess!"]
[Site "http://www.queenalice.com/game.php?id=1207100"]
[Date "2013.8.11"]
[Round "-"]
[White "digger"]
[Black "Ysolde"]
[Result "1-0"]
[WhiteElo "1510"]
[BlackElo "1664"]

1. d4 d5 2. Nf3 Nf6 3. e3 Bg4 4. Be2 e6 5. Ne5 Bxe2 6. Qxe2 a6 7. O-O Bd6 8. Nf3
Ng4 9. h3 Nh6 10. e4 O-O 11. e5 Be7 12. c4 f5 13. Bd2 c6 14. c5 b6 15. cxb6 Qxb6
16. b3 a5 17. Bc3 f4 18. Nbd2 a4 19. bxa4 Rxa4 20. Rab1 Bb4 21. Bxb4 Rxb4 22. a3
Rxb1 23. Rxb1 Qa5 24. Rb3 c5 25. dxc5 Qxc5 26. Ng5 Qe7 27. h4 Nf5 28. Qh5 g6 29.
Qg4 Nd4 30. Rd3 Ndc6 31. Nxe6 Nxe5 32. Qh3 Nxd3 33. Nxf8 Qe1+ 34. Kh2 Nxf2 35.
Qe6+ Qxe6 36. Nxe6 Nd3 37. Nd4 Kg7 38. g3 h5 39. gxf4 Nxf4 40. a4 Kh6 41. Kg3 g5
42. hxg5+ Kxg5 43. N2f3+ Kf6 44. Kxf4 Kg6 45. Nh4+ Kf6 46. a5 Kg7 47. Kg5 Kf7
48. Kxh5 Ke7 49. Nhf5+ Kd7 50. Nb3 Kc6 51. Kg4 Na6 52. Kf4 Nc7 53. Ke5 Na6 54.
Nfd4+ Kc7 55. Kxd5 Nb8 56. Nb5+ Kb7 57. Kd6 Nc6 58. Nc5+ Kb8 59. Kxc6 Ka8 60. a6
1-0

[Event "Let's Play Chess!"]
[Site "http://www.queenalice.com/game.php?id=1207101"]
[Date "2013.8.11"]
[Round "-"]
[White "mrPibb"]
[Black "Ysolde"]
[Result "1-0"]
[WhiteElo "1837"]
[BlackElo "1651"]

1. e4 e5 2. Nf3 Nc6 3. c3 Nf6 4. d4 Nxe4 5. d5 Nd4 6. cxd4 exd4 7. Qxd4 Nf6 8.
Bf4 Bb4+ 9. Qxb4 Nxd5 10. Qe4+ Ne7 11. Bc4 d5 12. Bxd5 Qxd5 13. Qxd5 Nxd5 14.
Bg3 Nb4 15. O-O Nc2 16. Re1+ Nxe1 17. Nxe1 Bf5 18. Bxc7 g5 19. Nc3 O-O 20. Rc1
Rae8 21. Bd6 Rxe1+ 22. Rxe1 Rd8 23. Bg3 h5 24. Re7 h4 25. Bc7 Rd2 26. Re2 Rd4
27. f3 Kg7 28. Be5+ 1-0

[Event "Challenge"]
[Site "http://www.queenalice.com/game.php?id=1207565"]
[Date "2013.8.13"]
[Round "-"]
[White "Ysolde"]
[Black "Ruusgugg"]
[Result "1-0"]
[WhiteElo "1648"]
[BlackElo "1370"]

1. d4 Nf6 2. Nc3 Nc6 3. e4 Nb4 4. a3 Nc6 5. d5 Ne5 6. Bf4 d6 7. Bxe5 dxe5 8.
Bb5+ c6 9. dxc6 bxc6 10. Bxc6+ Nd7 11. Bxa8 Qb6 12. Nd5 Bb7 13. Bxb7 Qxb7 14.
Nf3 Qxb2 15. Rb1 Qxa3 16. Rb8+ Nxb8 17. Nc7# 1-0

[Event "Challenge"]
[Site "http://www.queenalice.com/game.php?id=1209940"]
[Date "2013.8.20"]
[Round "-"]
[White "Ruusgugg"]
[Black "Ysolde"]
[Result "0-1"]
[WhiteElo "1308"]
[BlackElo "1651"]

1. Nf3 d5 2. d4 Nf6 3. Ne5 Bf5 4. e3 e6 5. Be2 Ne4 6. Bh5 g6 7. Bf3 Bb4+ 8. c3
Bd6 9. O-O Qf6 10. Qb3 Bxe5 11. dxe5 Qxe5 12. Qxb7 O-O 13. Qxa8 Ng5 14. Be2 Bc2
15. Nd2 Qf5 16. f4 Ne4 17. Qxa7 c6 18. Qe7 Nxd2 19. Rf2 Ne4 20. Rf1 Nf6 21. b3
Re8 22. Qc5 Ne4 23. Qa3 Nxc3 24. Bf3 e5 25. Qb4 e4 26. g4 Qf6 27. Bg2 Ne2+ 28.
Kf2 Qxa1 29. Qa3 Nxc1 30. Rxc1 Qc3 31. f5 Qd2+ 32. Kg3 Qxe3+ 33. Kh4 Qf2+ 34.
Kh3 g5 35. Qd6 Qh4# 0-1

[Event "Challenge"]
[Site "http://www.queenalice.com/game.php?id=1210819"]
[Date "2013.8.23"]
[Round "-"]
[White "Rogerio11"]
[Black "Ysolde"]
[Result "0-1"]
[WhiteElo "1310"]
[BlackElo "1567"]

1. e4 e5 2. Bc4 Nf6 3. Nc3 Nc6 4. Nf3 Bb4 5. Nd5 Nxe4 6. O-O d6 7. d3 Nf6 8. c3
Bc5 9. Bg5 Bg4 10. d4 e4 11. Nxf6+ gxf6 12. dxc5 fxg5 13. h3 exf3 14. gxf3 Bxh3
15. Re1+ Kf8 16. Qd3 Ne5 17. Qd5 Qf6 18. Qxb7 Nxf3+ 19. Kh1 Nxe1 20. Qxa8+ Kg7
21. Qxa7 Qf3+ 0-1

[Event "Let's Play Chess!"]
[Site "http://www.queenalice.com/game.php?id=1211391"]
[Date "2013.8.25"]
[Round "-"]
[White "PatricioKM"]
[Black "Ysolde"]
[Result "0-1"]
[WhiteElo "1746"]
[BlackElo "1556"]

1. e4 e5 2. Nf3 Nc6 3. d4 exd4 4. Nxd4 Nxd4 5. Qxd4 b6 6. Nc3 c6 7. Bd3 d6 8.
O-O Qh4 9. b3 Nf6 10. f3 d5 11. Be3 Bc5 12. Bf2 Bxd4 13. Bxd4 Qg5 14. g4 Bxg4
15. fxg4 Nxg4 16. Rf5 Qh4 17. Bf2 Qxh2+ 18. Kf1 Qh1+ 19. Bg1 Ne3+ 20. Kf2 Nxf5
21. exf5 O-O 22. Ne2 c5 23. Ng3 Qh4 24. Kf3 h5 25. Be3 Qg4+ 26. Kf2 h4 27. Ne2
Rae8 28. Rg1 Qh3 29. f6 Qxe3+ 30. Kg2 Re6 31. Nc1 Qg3+ 32. Kh1 Qh3# 0-1

[Event "Let's Play Chess!"]
[Site "http://www.queenalice.com/game.php?id=1211393"]
[Date "2013.8.25"]
[Round "-"]
[White "Ysolde"]
[Black "PatricioKM"]
[Result "0-1"]
[WhiteElo "1603"]
[BlackElo "1713"]

1. e4 e5 2. Nf3 Nc6 3. Nc3 Nf6 4. Bb5 d6 5. Bxc6+ bxc6 6. d4 Ng4 7. h3 exd4 8.
Qxd4 c5 9. Qd5 Be6 10. Qd2 Nf6 11. g4 d5 12. exd5 Nxd5 13. Nxd5 Bxd5 14. Qe2+
Be7 15. Bg5 f6 16. Be3 O-O 17. Qb5 Bxf3 18. Rg1 a6 19. Rd1 Bxd1 20. Qc4+ Kh8 21.
h4 Bf3 22. Bd2 Rb8 23. b3 Qd5 24. Qxa6 Ra8 25. Qb6 cxb6 0-1

[Event "Challenge"]
[Site "http://www.queenalice.com/game.php?id=1211887"]
[Date "2013.8.27"]
[Round "-"]
[White "Ysolde"]
[Black "dejami"]
[Result "0-1"]
[WhiteElo "1577"]
[BlackElo "1731"]

1. d4 d5 2. Nc3 c6 3. Nf3 f6 4. Bf4 Nd7 5. e3 g5 6. Bxg5 fxg5 7. Nxg5 Ndf6 8.
Bd3 Bh6 9. h4 Qb6 10. b3 Qb4 11. Qd2 Nd7 12. Bxh7 Ngf6 13. Bg6+ Kf8 14. Nf7 Kg7
15. Nxh8 Kxh8 16. Qd3 Nf8 17. a3 Qa5 18. b4 Qc7 19. g4 Bxg4 20. h5 e5 21. dxe5
Qxe5 22. Rb1 Bf3 23. Rg1 Bxh5 24. Bf5 b5 25. Ne2 Ne8 26. Rh1 Nf6 27. Nf4 Bxf4
28. Kd2 Bg5 29. f4 Bxf4 30. exf4 Qxf4+ 31. Qe3 Qxf5 32. Qh6+ N8h7 33. Rhg1 Ng4
34. Qxc6 Rc8 35. Rbf1 Qg5+ 0-1

[Event "Challenge"]
[Site "http://www.queenalice.com/game.php?id=1212806"]
[Date "2013.8.29"]
[Round "-"]
[White "Ysolde"]
[Black "zmanomega"]
[Result "1-0"]
[WhiteElo "1653"]
[BlackElo "1518"]

1. e4 Nf6 2. Nc3 c6 3. d4 d6 4. Bg5 Qb6 5. b3 Bd7 6. Bxf6 exf6 7. d5 c5 8. Nf3
Bg4 9. Bb5+ Ke7 10. h3 Bxf3 11. Qxf3 a6 12. Ba4 g6 13. Qg4 Qd8 14. O-O-O b5 15.
f4 h5 16. Qh4 bxa4 17. e5 dxe5 18. fxe5 g5 19. exf6+ Kxf6 20. Qxa4 Kg6 21. Qe4+
Kg7 22. d6 Nd7 23. Rhf1 f6 24. Nd5 Be7 25. Nc7 Rb8 26. Ne6+ Kg8 27. Qg6# 1-0

[Event "Let's Play Chess!"]
[Site "http://www.queenalice.com/game.php?id=1214629"]
[Date "2013.9.5"]
[Round "-"]
[White "Ysolde"]
[Black "jeancarlo1910"]
[Result "0-1"]
[WhiteElo "1578"]
[BlackElo "1907"]

1. e4 c5 2. Nc3 e5 3. Nf3 Nc6 4. Bc4 h6 5. d3 Nf6 6. Nh4 a6 7. g3 Be7 8. Nf5 O-O
9. Nd5 d6 10. Nxf6+ Bxf6 11. Bxh6 Bxf5 12. Bxg7 Bxg7 13. exf5 Qf6 14. Qh5 Nd4
15. O-O-O Qh6+ 16. Qxh6 Bxh6+ 17. Kb1 Nxf5 18. Bd5 Rab8 19. g4 Nd4 20. Rhg1 Kh7
21. h4 Ne2 22. Rge1 Nf4 23. g5 Bg7 24. Rh1 Nxd5 25. h5 Nf4 26. g6+ fxg6 27.
hxg6+ Kxg6 28. Rdg1+ Kf7 0-1

[Event "Let's Play Chess!"]
[Site "http://www.queenalice.com/game.php?id=1214630"]
[Date "2013.9.5"]
[Round "-"]
[White "jeancarlo1910"]
[Black "Ysolde"]
[Result "1-0"]
[WhiteElo "1953"]
[BlackElo "1561"]

1. e4 e5 2. Nf3 Nf6 3. Nc3 Bb4 4. Bd3 d6 5. h3 Bxc3 6. dxc3 Nc6 7. Bg5 d5 8.
exd5 Qxd5 9. Bxf6 gxf6 10. Be2 Qa5 11. O-O e4 12. Nd4 Qg5 13. Kh2 Rg8 14. Rg1
Qf4+ 15. g3 Qh6 16. h4 Nxd4 17. Qxd4 f5 18. Rad1 Be6 19. Bc4 f4 20. Bxe6 Qxe6
21. Qb4 b6 22. c4 e3 23. fxe3 fxe3 24. Rd3 Qe5 25. Qe1 Qxb2 26. Qxe3+ Kf8 27.
Qh6+ Ke8 28. Re1+ 1-0

[Event "Let's Play Chess!"]
[Site "http://www.queenalice.com/game.php?id=1214631"]
[Date "2013.9.6"]
[Round "-"]
[White "Ysolde"]
[Black "spawnwolfwolverine"]
[Result "1-0"]
[WhiteElo "1642"]
[BlackElo "1721"]

1. d4 d5 2. Nf3 e6 3. Nc3 Bb4 4. Bf4 Bxc3+ 5. bxc3 Nf6 6. e3 O-O 7. h4 b6 8. Bg5
h6 9. Ne5 hxg5 10. hxg5 Nh7 11. Qh5 Re8 12. Qxf7+ Kh8 13. Ng6# 1-0

[Event "Let's Play Chess!"]
[Site "http://www.queenalice.com/game.php?id=1214632"]
[Date "2013.9.6"]
[Round "-"]
[White "spawnwolfwolverine"]
[Black "Ysolde"]
[Result "0-1"]
[WhiteElo "1694"]
[BlackElo "1661"]

1. d4 d5 2. e3 Nf6 3. g3 Nc6 4. Bb5 Qd6 5. Bxc6+ Qxc6 6. Nc3 Bf5 7. Bd2 O-O-O 8.
Nf3 e6 9. O-O h5 10. b3 Bg4 11. Kg2 Ne4 12. Na4 Bxf3+ 13. Qxf3 Nxd2 14. Qxf7
Nxf1 15. Kxf1 Rh6 16. Qf3 Qxc2 17. Nc5 Rf6 18. Qe2 Qf5 19. b4 Bxc5 20. bxc5 Qh3+
21. Kg1 g5 22. a4 Rdf8 23. Rf1 g4 24. a5 h4 25. a6 hxg3 26. axb7+ Kb8 27. c6
Qxh2# 0-1

[Event "Let's Play Chess!"]
[Site "http://www.queenalice.com/game.php?id=1214633"]
[Date "2013.9.6"]
[Round "-"]
[White "Ysolde"]
[Black "Fervac763"]
[Result "0-1"]
[WhiteElo "1655"]
[BlackElo "1387"]

1. e4 c5 2. Nc3 d6 3. d4 cxd4 4. Qxd4 a6 5. Nf3 Nf6 6. Bc4 Nc6 7. Bxf7+ Kxf7 8.
Qc4+ Ke8 9. Ng5 Ne5 10. Qb3 h6 11. Ne6 Bxe6 12. Qxe6 Qd7 13. Qxd7+ Nexd7 14. Bf4
g5 15. Be3 Bg7 16. O-O-O Ng4 17. Nd5 Rc8 18. h3 Nxe3 19. Nxe3 Be5 20. h4 Kf7 21.
h5 Bf4 22. g3 Bxe3+ 23. fxe3 Ke6 24. a4 Rhf8 25. Rd4 Rf2 26. Rhd1 Rcxc2+ 27. Kb1
Rxb2+ 28. Ka1 Nc5 29. R4d3 Nxd3 30. Rxd3 Rbd2 31. Rb3 Rf1+ 32. Rb1 Rxb1+ 33.
Kxb1 Ke5 0-1

[Event "Let's Play Chess!"]
[Site "http://www.queenalice.com/game.php?id=1214634"]
[Date "2013.9.6"]
[Round "-"]
[White "Fervac763"]
[Black "Ysolde"]
[Result "1-0"]
[WhiteElo "1414"]
[BlackElo "1628"]

1. d4 d5 2. c4 dxc4 3. e3 Nf6 4. Bxc4 Bf5 5. Nf3 e6 6. O-O Ne4 7. Qb3 b6 8. Rd1
Bg4 9. Nbd2 Nxd2 10. Bxd2 Bxf3 11. gxf3 Bd6 12. d5 e5 13. Bb5+ Kf8 14. e4 Bc5
15. Bb4 Bxb4 16. Qxb4+ Kg8 17. Qa4 a6 18. Rac1 Qd6 19. Rc3 a5 20. Rdc1 Na6 21.
Bxa6 Rxa6 22. Rxc7 g6 23. Rc8+ Kg7 24. Rxh8 Kxh8 25. Qe8+ Kg7 26. Rc6 Qb4 27.
Qxe5+ Kh6 28. Kg2 Qd2 29. f4 a4 30. Qg5+ Kg7 31. Qf6+ Kh6 32. Rc3 Qxc3 33. bxc3
Ra7 34. d6 1-0

[Event "Let's Play Chess!"]
[Site "http://www.queenalice.com/game.php?id=1216021"]
[Date "2013.9.10"]
[Round "-"]
[White "Ysolde"]
[Black "jizaias"]
[Result "0-1"]
[WhiteElo "1559"]
[BlackElo "2256"]

1. e4 c5 2. Nc3 e6 3. Bc4 Nc6 4. d3 Nge7 5. Nf3 d5 6. exd5 exd5 7. Bb5 a6 8.
Bxc6+ Nxc6 9. O-O Be7 10. Bf4 O-O 11. Qd2 Bg4 12. Ne5 Nxe5 13. Bxe5 d4 14. Ne4
f6 15. Qf4 fxe5 16. Qxg4 Qd5 17. a4 c4 18. Rad1 cxd3 19. cxd3 Rac8 20. Ng3 Qb3
21. Qe4 Rc5 22. Nf5 Bg5 23. h4 Bf6 24. h5 Rc2 25. Qg4 Qxa4 26. Nxg7 Bxg7 27. h6
Rf7 28. hxg7 Qc6 29. Qg5 Rxg7 30. Qd8+ Kf7 31. f3 Rgxg2+ 32. Kh1 Rh2+ 0-1

[Event "Let's Play Chess!"]
[Site "http://www.queenalice.com/game.php?id=1216022"]
[Date "2013.9.10"]
[Round "-"]
[White "PatricioKM"]
[Black "Ysolde"]
[Result "1-0"]
[WhiteElo "1733"]
[BlackElo "1588"]

1. e4 e5 2. Nf3 Bc5 3. d4 exd4 4. Nxd4 Qh4 5. Nc3 Bb4 6. Ne2 d6 7. h3 Qxe4 8.
Bd2 Qf5 9. a3 Bxc3 10. Nxc3 Nf6 11. Bd3 Qe5+ 12. Be3 O-O 13. Qf3 Nc6 14. O-O-O
a5 15. Rhe1 a4 16. Bb6 Qg5+ 17. Be3 Qa5 18. Qg3 g6 19. Bd2 Nd4 20. Ne4 Qd5 21.
Nxf6+ 1-0

[Event "Let's Play Chess!"]
[Site "http://www.queenalice.com/game.php?id=1216023"]
[Date "2013.9.11"]
[Round "-"]
[White "Ysolde"]
[Black "spawnwolfwolverine"]
[Result "0-1"]
[WhiteElo "1591"]
[BlackElo "1640"]

1. d4 d5 2. Nc3 e6 3. Nf3 Bb4 4. Bf4 Nf6 5. e3 Bxc3+ 6. bxc3 O-O 7. g4 b6 8. g5
Ne4 9. Qe2 Nxc3 10. Qd3 Ne4 11. h4 Ba6 12. Qb3 Bxf1 13. Kxf1 Nd7 14. h5 c5 15.
h6 g6 16. Ke2 c4 17. Qb4 a5 18. Qb5 Nc3+ 0-1

[Event "Let's Play Chess!"]
[Site "http://www.queenalice.com/game.php?id=1216024"]
[Date "2013.9.10"]
[Round "-"]
[White "JamesBrown"]
[Black "Ysolde"]
[Result "1/2-1/2"]
[WhiteElo "1552"]
[BlackElo "1580"]

1. e4 e5 2. Nf3 Nc6 3. Bc4 Bc5 4. d3 d6 5. Ng5 Nh6 6. O-O f6 7. Qh5+ g6 8. Qxh6
fxg5 9. Qg7 Rf8 10. Qxh7 Qf6 11. Qh6 Rh8 12. Qxg5 Qf7 13. Bxf7+ Kxf7 14. Nc3 Rh5
15. Qg3 Nd4 16. Nd5 Ne2+ 17. Kh1 Nxg3+ 18. fxg3+ Kg7 19. Nf6 Rh6 20. Ne8+ Kh7
21. Rf7+ Kg8 22. Rf6 Rh7 23. Bg5 Rf7 24. Raf1 Rxf6 25. Rxf6 Bg4 26. h3 Rxe8 27.
hxg4 Kg7 28. Bh4 Bf2 29. Rxf2 Rh8 30. g5 c5 31. Rd2 a5 32. g4 Rxh4+ 33. Kg1 Rxg4
34. c4 Rxg5 35. Rc2 Rg3 36. Kf2 Rxd3 37. Ke2 Rd4 38. Ke3 g5 39. Rc3 Kg6 40. Rb3
Rd1 41. Rxb7 Rd4 42. Rb8 Rxc4 43. Rg8+ Kh5 44. Kf3 Rc2 45. g4+ Kh6 46. Rh8+ Kg6
47. Rd8 Rd2 48. Ke3 Rxb2 49. Rxd6+ Kf7 50. Rd5 c4 51. Rxa5 c3 52. Rc5 c2 53. Kd2
Rxa2 54. Rxc2 Ra1 55. Kd3 Rg1 56. Rf2+ Ke6 57. Rf5 Rxg4 58. Ke3 Rg1 59. Kf2 Rg4
1/2-1/2

[Event "Let's Play Chess!"]
[Site "http://www.queenalice.com/game.php?id=1216025"]
[Date "2013.9.10"]
[Round "-"]
[White "Ysolde"]
[Black "JamesBrown"]
[Result "0-1"]
[WhiteElo "1678"]
[BlackElo "1507"]

1. e4 e5 2. Nf3 Nc6 3. Bb5 Nf6 4. d3 Bc5 5. h3 O-O 6. Bg5 h6 7. Bxf6 Qxf6 8. g4
a6 9. Bxc6 dxc6 10. h4 Bxg4 11. Nc3 Bxf3 12. Ne2 Bxh1 13. d4 exd4 14. Kd2 Bxe4
15. Kc1 Qxf2 16. h5 d3 17. cxd3 Be3+ 18. Kc2 Bf3 19. Qe1 Qxe2+ 20. Qxe2 Bxe2 21.
Re1 Bxd3+ 22. Kxd3 Rfe8 23. Rxe3 Rxe3+ 0-1

[Event "Let's Play Chess!"]
[Site "http://www.queenalice.com/game.php?id=1216026"]
[Date "2013.9.11"]
[Round "-"]
[White "spawnwolfwolverine"]
[Black "Ysolde"]
[Result "1-0"]
[WhiteElo "1614"]
[BlackElo "1575"]

1. d4 d5 2. e3 Nf6 3. g3 Nc6 4. Bb5 Bf5 5. Nf3 e6 6. O-O h5 7. Ne5 Qd6 8. Bxc6+
bxc6 9. Nd2 Bh3 10. Re1 g5 11. c4 dxc4 12. Ndxc4 Qd5 13. f3 g4 14. a3 h4 15. b4
Bd6 16. Nxd6+ cxd6 17. Nd3 gxf3 18. Nf4 f2+ 19. Kxf2 Ng4+ 20. Ke2 Qe4 21. Qd3
Qxd3+ 22. Nxd3 Nxh2 23. Rh1 hxg3 24. Nf4 O-O-O 25. Bb2 Bg4+ 26. Kd3 e5 27. dxe5
dxe5+ 28. Ke4 Bf3+ 29. Kxe5 Bxh1 30. Kf5 Bf3 31. Bxh8 Rxh8 32. e4 Bg4+ 33. Kf6
Nf3 34. Kxf7 Bd7 35. e5 Nxe5+ 36. Kf6 Rf8+ 37. Kxe5 Rf5+ 38. Ke4 c5 39. Rc1 Rg5
40. bxc5 Bc6+ 41. Ke3 Re5+ 42. Kd4 Re8 43. Rg1 Rg8 44. Nh5 g2 45. Nf6 1-0